00501 2200169 4500001002100000005001500021035002000036007000300056008004100059020002200100082001100122084001700133100001700150245009100167260003500258300003800293INLIS00000000000036820201003103017 a0010-1020000004ta201003 0 ind  a978-979-662-586-4 a900.71 a900.71 RIR b0 aRirin Darini1 aBuku Siswa Sejarah :bUntuk SMA/MA Kelas XI Peminatan Ilmu-ilmu Sosial /cRirin Darini aKlaten :bCempaka Putih,c2016 a330 hlm :bilus. ;c17.6 x 25 cm.